000 00338nam a2200145Ia 4500
008 230917s9999||||xx |||||||||||||| ||und||
040 _e66074
_aMAIN
041 _aEnglish
082 _a330.156 S49K
100 _aStewart, Michael
245 0 _aKeynes and after
260 _aMiddlesex
_bPenguin
_c1967
300 _a271 p.
942 _cBK
999 _c95627
_d95627